Регионална библиотека "Любен Каравелов" - Русе

За литературата и езика (Запис номер 388860)

MARC детайли
000 -Лидер
Контролно поле с фиксирана дължина nam a22 a 4500
003 - Код на организацията, давaща контролен номер
Контролно поле BLK
005 - Дата и час на последна редакция
Контролно поле 20211118133414.0
008 - Елементи от данни с фиксирана дължина
fixed length control field 200928b bu ||||| |||| 00| 0 bu d
020 ## - Международен стандартен номер на книга ISBN
Международен стандартен номер на книга ISBN 9789540749334
040 ## - Източник на каталожния запис
Идентификатор на билиотеката - собственик на записа BLK
041 ## - Код за език
Код за езика на текст/звукозапис или на отделно заглавие Български
-- Испански
Код за езика КДБФ Български
080 ## - УДК
Текстов определител УДК Общи въпроси на езикознанието и литературата. Филология
УДК код - определител по УДК 80
УДК определител (497.2)(092)(062)
УДК - код + определител 80(497.2)(092)(062)
080 ## - УДК
Текстов определител УДК Литература на отделни езици и езикови семейства
УДК код - определител по УДК 821
УДК определител .09(062)
УДК - код + определител 821.09(062)
080 ## - УДК
Текстов определител УДК Български филолог - испанист
УДК код - определител по УДК 929 Пантева, Татяна Петрова
УДК - код + определител 929 Пантева, Татяна Петрова
139 ## - Редно поле
Редна дума За литературата и езика
Авторски знак Пант - П 19
245 ## - Сведения за заглавието
Заглавие За литературата и езика
Подзаглавни данни изследвания в чест на доц. д-р Татяна Пантева
Редно поле (дума) състав.Боряна Кючукова-Петринска и др. ; ред. съвет Евгения Вучева и др.
246 ## - Различни форми на заглавието
Паралелно заглавие La lengua y la literatura
260 ## - Област на издателските данни
9 (RLIN) 395338
Място на издаване, разпространение и проч. София
Име на издателя, разпространителя и проч. Софийски университет "Св. Климент Охридски"
Година на издаване 2020
300 ## - Физическа характеристика
Страници 292 с. : с ил., факс., табл.
Размери/Мащаб 24 см
380 ## - Жанр
Жанр Езикознание. Филология
500 ## - Общи забележки
Забележка Загл. и текст на исп. ез.: La lengua y la literatura<br/>Други състав.: Лиляна Табакова, Адриана Миткова, Красимир Тасев<br/>Други ред.: Венко Кънев, Адриана Миткова<br/>За Таня / Венко Кънев: с. 13-15<br/>Рец. Дина Манчева<br/>
504 ## - Забележка за наличие на библиография и др
Забележка за наличие на библиография и под. Библиогр. след отд. студии
504 ## - Забележка за наличие на библиография и др
Забележка за наличие на библиография и под. Библиография на доц. д-р Татяна Пантева: с. 17-25
600 #0 - Име на лице, използвано като предмет
9 (RLIN) 467681
За него / За нея Пантева, Татяна Петрова
650 #0 - Допълнително описание по предмет – тема
9 (RLIN) 254497
Основно описание – тема или топоним Литература - език и стил
852 ## - Местоположение
Форматна сигнатура Цб 303996
Фондова буква Хранилище
852 ## - Местоположение
Фондова буква Заемна - подръчен фонд
Систематично-азбучна сигнатура 80/П 19 Т
999 ## - СИСТЕМНИ КОНТРОЛНИ НОМЕРА
Koha biblionumber 388860
Koha biblioitemnumber 388860
942 ## - АРТИКУЛИ
Вид на библиотечния материал Книги
Скрит в OPAC Не
Периодичен библиозапис Да
944 ## - СЪЗДАВАНЕ И РЕДАКЦИЯ на ЗАПИСА
Създаване/Редакция Редакция
Дата на регистрацията/редакция 2020-10-05
Служител, извършил регистрацията/редакцията В. Т.
944 ## - СЪЗДАВАНЕ И РЕДАКЦИЯ на ЗАПИСА
Създаване/Редакция Редакция
Дата на регистрацията/редакция 2021-11-18
Служител, извършил регистрацията/редакцията ГГГ
999 ## - СИСТЕМНИ КОНТРОЛНИ НОМЕРА
Koha biblioitemnumber 388860
Наличности
Код за отписване Код за изгубен артикул Източник на класификационната схема Код за повреда Коз за рестрикции Код за отдаване Артикулен № Име на библиотеката - собственик Име на библиотеката, в която се намира в момента Статус (Текущо местоположение) Дата на вписване в системата Местоположение - отдел Цена в лева Систематично азбучна сигнатура Баркод Цена в евро Служебен тип на артикула
  Не е изгубен Universal Decimal Classification Не е повреден само за читалня ползва се в читалня 802637 Регионална библиотека "Любен Каравелов" Русе Регионална библиотека "Любен Каравелов" Русе Хранилище 2020-10-05 Хранилище 22.00 Цб 303996 120000848820 11.25 Книги
  Не е изгубен Universal Decimal Classification Не е повреден без рестрикции заемане за дома 862817 Регионална библиотека "Любен Каравелов" Русе Регионална библиотека "Любен Каравелов" Русе Заемна - подръчен фонд 2021-11-18 Заемна - подръчен фонд 15.40 80/П 19 Т 120000862844 7.87 Книги
Vip Innovations Ltd, Rousse, Bulgaria 2025